[Event "United States Championship 2003"]
[Site "SEATTLE USA"]
[Date "2003.01.09"]
[Round "1"]
[White "Kaufman,L"]
[Black "Christiansen,L"]
[Result "0-1"]
[WhiteTitle "IM"]
[WhiteElo "2415"]
[WhiteCountry "USA"]
[BlackTitle "GM"]
[BlackElo "2566"]
[BlackCountry "USA"]

1. d4 Nf6 2. c4 e6 3. Nc3 Bb4 4. Qc2 c5 5. dxc5 O-O 6. a3 Bxc5 7. Nf3 b6 8.
Bf4 Nh5 9. Bg5 Be7 10. h4 f6 11. Bd2 f5 12. e3 Bb7 13. O-O-O Na6 14. Nd4 Qe8
15. Ndb5 Nf6 16. f3 Qf7 17. Kb1 Rfc8 18. Bc1 d5 19. cxd5 Nxd5 20. Qd2 Nac7
21. Nxc7 Rxc7 22. Nb5 Rd7 23. Bc4 Rc8 24. Qe2 a6 25. Nd4 b5 26. Bb3 Bf6 27.
Ka1 Kh8 28. Rhf1 Rdc7 29. Bd2 Qe7 30. g3 g6 31. Rc1 e5 32. Rxc7 Rxc7 33. Nc2
e4 34. Nd4 exf3 35. Qxf3 Nb6 36. Qf2 Bd5 37. Ba5 Bxb3 38. Bxb6 Rc8 39. Ba5
Bg8 40. h5 Qf7 41. b4 Qb3 42. Qb2 Qxe3 43. Bb6 Rc3 0-1

[Event "United States Championship 2003"]
[Site "SEATTLE USA"]
[Date "2003.01.09"]
[Round "1"]
[White "Epstein,E"]
[Black "Gurevich,D"]
[Result "0-1"]
[WhiteTitle "WIM"]
[WhiteElo "2200"]
[WhiteCountry "USA"]
[BlackTitle "GM"]
[BlackElo "2492"]
[BlackCountry "USA"]

1. e4 c5 2. Nf3 Nc6 3. Bb5 g6 4. O-O Bg7 5. c3 Nf6 6. Re1 O-O 7. d4 cxd4 8.
cxd4 d5 9. e5 Ne4 10. h3 Qb6 11. Ba4 Bf5 12. Re2 Rac8 13. Be3 a6 14. Bb3
Rfd8 15. g4 Be6 16. Nbd2 Na5 17. Rc1 Nxd2 18. Nxd2 Rxc1 19. Qxc1 f5 20.
exf6ep Bxf6 21. Bc2 Bf7 22. Nf3 Nc4 23. b3 Nd6 24. Ne5 Nb5 25. Rd2 Bxe5 26.
dxe5 d4 27. Bf4 Qc6 28. Qf1 Qf3 29. Bg3 Bd5 30. Kh2 Rc8 31. Bd1 Qe4 32. f3
Qe3 33. Rd3 Qc1 34. Qe1 Rc3 35. Be2 Qb2 36. Rd2 Rc2 37. Bf4 Qxa2 38. Bd3
Rxd2+ 39. Bxd2 Qxb3 40. Qe2 Nc3 41. Qe1 Bxf3 42. Qf1 Qf7 43. e6 Qf6 44. Qe1
Bd5 45. Qg3 Qxe6 46. Bh6 Qd6 47. Bf4 Qb6 48. Qe1 Qb2+ 49. Kg3 Qg2+ 50. Kh4
Ne4 0-1

[Event "United States Championship 2003"]
[Site "SEATTLE USA"]
[Date "2003.01.10"]
[Round "2"]
[White "Finegold,B"]
[Black "Kraai,J"]
[Result "0-1"]
[WhiteTitle "IM"]
[WhiteElo "2548"]
[WhiteCountry "USA"]
[BlackTitle "IM"]
[BlackElo "2453"]
[BlackCountry "USA"]

1. e4 e6 2. d4 d5 3. Nc3 Nf6 4. Bg5 Bb4 5. e5 h6 6. exf6 hxg5 7. fxg7 Rg8 8.
h4 Nc6 9. h5 Rxg7 10. Bb5 Qf6 11. Nf3 Bd7 12. Qd3 Bd6 13. h6 Rg6 14. h7
O-O-O 15. Bxc6 Bxc6 16. O-O-O g4 17. Ne5 Bxe5 18. dxe5 Qxe5 19. Ne2 Rh8 20.
f4 gxf3ep 21. gxf3 Qg7 22. Qa3 Rxh7 23. Qxa7 Rxh1 24. Rxh1 Rh6 25. Rg1 Qe5
26. Qa3 Rh8 27. Qd3 b6 28. f4 Qf6 29. Qe3 Kb7 30. Nd4 Rh4 31. Rf1 Bd7 32. c3
c5 33. Nc2 Bb5 34. Rf2 Qf5 35. b3 Bd3 36. Ne1 Be4 37. Kb2 Rh1 38. a4 d4 39.
Qd2 Rh3 40. cxd4 Bd5 41. Nc2 Rxb3+ 42. Kc1 Rd3 43. Qe1 cxd4 44. Qb4 Qf6 45.
a5 Rb3 46. Qxd4 Qxd4 47. Nxd4 Rb4 48. Nc2 Rc4 49. Kb2 bxa5 50. f5 e5 51. Ne3
Rb4+ 52. Ka1 Kc6 53. Rc2+ Kd6 54. Rc8 Bb3 55. Ra8 a4 56. f6 Rf4 57. Kb2 Rxf6
58. Ra6+ Ke7 59. Ra7+ Kf8 60. Ng4 Re6 61. Ra5 f6 62. Nxf6 Rxf6 63. Rxe5 Rf3
64. Ra5 Ke7 65. Ra6 Kd7 66. Ra7+ Kc6 67. Ra8 Kb6 68. Rb8+ Ka7 69. Rb4 Ka6
70. Rb8 Bd5 71. Rb4 Rb3+ 72. Ka1 Ka5 73. Rd4 Bc6 74. Rc4 Bb5 75. Rd4 a3 76.
Rh4 Rc3 77. Rh1 Ka4 78. Rg1 Bd3 79. Ka2 Rc2+ 80. Ka1 Kb3 0-1

[Event "United States Championship 2003"]
[Site "SEATTLE USA"]
[Date "2003.01.10"]
[Round "2"]
[White "Krush,I"]
[Black "Levina,A"]
[Result "1-0"]
[WhiteTitle "WGM"]
[WhiteElo "2433"]
[WhiteCountry "USA"]
[BlackElo "2095"]
[BlackCountry "USA"]

1. d4 d5 2. c4 e6 3. Nc3 c6 4. e3 Nd7 5. Nf3 Bd6 6. e4 dxe4 7. Nxe4 Bb4+ 8.
Bd2 Be7 9. Bd3 Ngf6 10. Qe2 Nxe4 11. Bxe4 Nf6 12. Bc2 O-O 13. O-O-O a5 14.
Rhg1 Rb8 15. g4 g6 16. h4 b5 17. c5 a4 18. h5 Qd5 19. Kb1 Ba6 20. Ne5 Ra8
21. Bb4 Bb7 22. hxg6 hxg6 23. Rh1 Kg7 24. g5 Nh5 25. Rxh5 gxh5 26. Qxh5 f5
27. gxf6ep+ 1-0

[Event "United States Championship 2003"]
[Site "SEATTLE USA"]
[Date "2003.01.10"]
[Round "2"]
[White "Kudrin,S"]
[Black "Pruess,D"]
[Result "1-0"]
[WhiteTitle "GM"]
[WhiteElo "2542"]
[WhiteCountry "USA"]
[BlackElo "2346"]
[BlackCountry "USA"]

1. e4 e6 2. d4 d5 3. Nd2 Nf6 4. e5 Nfd7 5. Bd3 c5 6. c3 Nc6 7. Ne2 cxd4 8.
cxd4 f6 9. exf6 Nxf6 10. Nf3 Bd6 11. O-O O-O 12. Bf4 Bxf4 13. Nxf4 Ne4 14.
g3 Qf6 15. h4 h6 16. Bxe4 dxe4 17. Ne5 Rd8 18. Nxc6 bxc6 19. Qc2 Ba6 20.
Rfe1 Bd3 21. Qxc6 Rac8 22. Qxe6+ Qxe6 23. Nxe6 Rd6 24. Nc5 Rxd4 25. Rac1 Rb8
26. b3 Rb6 27. Rc3 Rbd6 28. a3 a5 29. Nb7 R6d5 30. Rc8+ Kf7 31. Ra8 Bc2 32.
Nxa5 Rd1 33. Rxd1 Bxd1 34. Nc4 Bf3 35. Kh2 g5 36. Ra5 Rxa5 37. Nxa5 g4 38.
Nc4 Ke6 39. Nd2 Bd1 40. Nxe4 Ke5 41. Nc5 Kd5 42. b4 Kc4 43. Kg1 Be2 44. f4
gxf3ep 45. Kf2 h5 46. Ne6 1-0

[Event "United States Championship 2003"]
[Site "SEATTLE USA"]
[Date "2003.01.11"]
[Round "3"]
[White "Kraai,J"]
[Black "Gulko,B"]
[Result "0-1"]
[WhiteTitle "IM"]
[WhiteElo "2453"]
[WhiteCountry "USA"]
[BlackTitle "GM"]
[BlackElo "2584"]
[BlackCountry "USA"]

1. Nf3 c5 2. c4 Nc6 3. Nc3 g6 4. e3 Bg7 5. d4 d6 6. d5 Na5 7. Bd3 Nf6 8. h3
O-O 9. O-O e5 10. Rb1 e4 11. Nxe4 Nxe4 12. Bxe4 Nxc4 13. b4 Re8 14. Bc2 Qc7
15. e4 cxb4 16. Rxb4 Bd7 17. Nd2 Ne5 18. Rb1 Rac8 19. Ba4 a6 20. Bxd7 Nxd7
21. Ba3 b5 22. Re1 Nc5 23. Rc1 Qb6 24. Nb3 b4 25. Nxc5 bxa3 26. Nb3 a5 27.
Qd3 a4 28. Nd2 Bd4 29. Kf1 Bxf2 30. Red1 Rxc1 31. Rxc1 Bc5 32. Rb1 Qd8 33.
Nf3 Qe7 34. Qb5 Qxe4 35. Re1 Be3 36. Nd2 Qf4+ 37. Nf3 Qe4 38. Nd2 Qf4+ 39.
Nf3 Re7 40. Re2 h5 41. h4 Re4 42. Qd3 g5 43. hxg5 h4 44. Qc3 Rc4 45. Qd3 h3
46. g6 hxg2+ 47. Kxg2 Qg4+ 48. Kh2 0-1

[Event "United States Championship 2003"]
[Site "SEATTLE USA"]
[Date "2003.01.11"]
[Round "3"]
[White "Donaldson,E"]
[Black "Kreiman,B"]
[Result "0-1"]
[WhiteTitle "WGM"]
[WhiteElo "2378"]
[WhiteCountry "USA"]
[BlackTitle "IM"]
[BlackElo "2497"]
[BlackCountry "USA"]

1. d4 d5 2. Nf3 c6 3. c4 e6 4. cxd5 exd5 5. Qc2 Ne7 6. Bg5 h6 7. Bh4 Bf5 8.
Qd2 Qb6 9. Nc3 Ng6 10. e3 Nd7 11. Be2 Nxh4 12. Nxh4 Bh7 13. O-O Be7 14. Nf3
O-O 15. Bd3 Bxd3 16. Qxd3 Rfe8 17. a3 a5 18. Rab1 Qd8 19. Ne2 Bd6 20. Rfc1
a4 21. b4 axb3ep 22. Rxb3 Ra7 23. a4 Nf6 24. Rcb1 Re7 25. Qc2 Ne4 26. Nc3
Nxc3 27. Rxc3 Qa8 28. Nh4 Rxa4 29. Nf5 Rd7 30. Nxd6 Rxd6 31. Rcb3 Rd7 32.
Rb6 g6 33. g3 Ra6 34. R1b3 Qa7 35. Qb2 Rxb6 36. Rxb6 h5 37. h4 Qa8 38. Kg2
Qc8 39. Qb4 f6 40. Qb1 Kg7 41. Qa1 Rf7 42. Rb2 g5 43. Qd1 Kh6 44. Qf3 Kg6
45. Rb1 Qf5 46. Qxf5+ Kxf5 47. hxg5 fxg5 48. Rh1 Kg4 49. Ra1 h4 50. gxh4
gxh4 51. Ra8 h3+ 52. Kf1 Rh7 53. Kg1 h2+ 54. Kh1 Kf3 55. Rf8+ Ke2 56. Rf6
Kf1 57. f4 Kf2 58. Re6 Rf7 59. Re8 b5 60. Re6 Rc7 61. f5 b4 62. Rh6 0-1

[Event "United States Championship 2003"]
[Site "SEATTLE USA"]
[Date "2003.01.11"]
[Round "3"]
[White "Fishbein,A"]
[Black "Krush,I"]
[Result "1/2-1/2"]
[WhiteTitle "GM"]
[WhiteElo "2489"]
[WhiteCountry "USA"]
[BlackTitle "WGM"]
[BlackElo "2433"]
[BlackCountry "USA"]

1. e4 c5 2. Nf3 Nc6 3. d4 cxd4 4. Nxd4 Nf6 5. Nc3 e5 6. Ndb5 d6 7. Bg5 a6 8.
Na3 b5 9. Nd5 Be7 10. Nxe7 Nxe7 11. Bd3 d5 12. exd5 Qxd5 13. Qd2 Bf5 14.
O-O-O Bxd3 15. Qxd3 Qxd3 16. Rxd3 Nfd5 17. Bxe7 Nxe7 18. c4 O-O 19. Kb1 bxc4
20. Nxc4 f6 21. Nb6 Ra7 22. Rhd1 Nc6 23. Rd7 Rxd7 24. Rxd7 Rd8 25. Rxd8+
Nxd8 26. Kc2 Kf7 27. Kc3 Ke6 28. Kc4 Nb7 29. f3 f5 30. b4 g5 31. a4 h5 32.
Kd3 g4 33. Nc4 Nd8 34. Ne3 gxf3 35. gxf3 Nc6 36. Kc4 Nd4 37. Kc5 f4 38. Nd1
Nxf3 39. b5 axb5 40. a5 Kd7 41. a6 Kc7 42. Nc3 Nd4 43. Nd5+ Kb8 44. Kb6 Ne6
45. a7+ Ka8 46. Ka6 Nc5+ 47. Kxb5 Ne6 48. Ka6 Nc5+ 49. Kb6 Ne6 1/2-1/2

[Event "United States Championship 2003"]
[Site "SEATTLE USA"]
[Date "2003.01.11"]
[Round "3"]
[White "Muhammad,S"]
[Black "Mulyar,M"]
[Result "1-0"]
[WhiteTitle "FM"]
[WhiteElo "2368"]
[WhiteCountry "USA"]
[BlackTitle "IM"]
[BlackElo "2446"]
[BlackCountry "USA"]

1. d4 d5 2. Nf3 Nf6 3. c4 dxc4 4. e3 e6 5. Bxc4 c5 6. Qe2 a6 7. dxc5 Bxc5 8.
O-O b5 9. Bd3 Nbd7 10. e4 e5 11. Bg5 O-O 12. Nc3 h6 13. Bh4 Bb7 14. Rfd1 Qe7
15. Nd2 Ba7 16. Nf1 g5 17. Bg3 b4 18. Na4 Bc6 19. b3 h5 20. h4 Ng4 21. hxg5
Qxg5 22. Qd2 Qf6 23. Nh2 Nxh2 24. Bxh2 Kh8 25. Qe2 Qg5 26. Qd2 Qf6 27. Qe2
Qg5 28. Rac1 Rg8 29. Qf3 Bxa4 30. bxa4 Nf6 31. Rc7 Rg7 32. Qh3 Ng4 33. Bg3
Bd4 34. Be2 Rh7 35. Qh4 Qg6 36. Rd7 Rf8 37. Qe7 Qh6 38. R1xd4 exd4 39. Bf4
Qg7 40. Bxg4 f6 41. Qc5 1-0

[Event "United States Championship 2003"]
[Site "SEATTLE USA"]
[Date "2003.01.11"]
[Round "3"]
[White "Pruess,D"]
[Black "Donaldson,J"]
[Result "1-0"]
[WhiteElo "2346"]
[WhiteCountry "USA"]
[BlackTitle "IM"]
[BlackElo "2399"]
[BlackCountry "USA"]

1. c4 c5 2. Nc3 g6 3. g3 Bg7 4. Bg2 Nc6 5. a3 d6 6. Rb1 a5 7. e3 e5 8. Nge2
Nge7 9. b3 O-O 10. Nb5 d5 11. cxd5 Nxd5 12. O-O Be6 13. Bb2 Qb6 14. Nd6 Rfd8
15. Ne4 Nc7 16. Ba1 h6 17. N2c3 Na6 18. Qe2 f5 19. Na4 Qa7 20. Nec3 Nc7 21.
Nb5 Nxb5 22. Qxb5 Bf8 23. Rfc1 Qa6 24. Qxa6 Rxa6 25. Bf1 Raa8 26. d3 Bd5 27.
Nxc5 b6 28. Ne6 Bxe6 29. Rxc6 Rd6 30. Rc7 Rd7 31. Bxe5 Bxa3 32. Rc6 1-0

[Event "United States Championship 2003"]
[Site "SEATTLE USA"]
[Date "2003.01.14"]
[Round "4"]
[White "Gulko,B"]
[Black "Perelshteyn,E"]
[Result "1/2-1/2"]
[WhiteTitle "GM"]
[WhiteElo "2584"]
[WhiteCountry "USA"]
[BlackTitle "IM"]
[BlackElo "2442"]
[BlackCountry "USA"]

1. d4 g6 2. e4 Bg7 3. Nc3 d6 4. Be3 Nf6 5. Qd2 e5 6. dxe5 dxe5 7. Qxd8+ Kxd8
8. Bc4 Be6 9. Bxe6 fxe6 10. Nf3 Nbd7 11. Nd2 Ng4 12. Bg5+ Bf6 13. Bxf6+
Ngxf6 14. Nc4 Ke7 15. f3 Ne8 16. Nd1 Nd6 17. Nde3 a5 18. a4 Nxc4 19. Nxc4
Kf6 20. O-O-O Nc5 21. b3 Rhb8 22. Kd2 b5 23. axb5 Rxb5 24. Ra1 a4 25. bxa4
Nxa4 26. Ra3 Rc5 27. Nb2 Rd8+ 28. Rd3 Rxd3+ 29. Nxd3 Rc6 30. Ra1 1/2-1/2

[Event "United States Championship 2003"]
[Site "SEATTLE USA"]
[Date "2003.01.14"]
[Round "4"]
[White "Christiansen,L"]
[Black "Kraai,J"]
[Result "1-0"]
[WhiteTitle "GM"]
[WhiteElo "2566"]
[WhiteCountry "USA"]
[BlackTitle "IM"]
[BlackElo "2453"]
[BlackCountry "USA"]

1. e4 e6 2. d4 d5 3. Nd2 Nf6 4. e5 Nfd7 5. Ngf3 c5 6. c3 Nc6 7. Bd3 a5 8.
O-O g5 9. dxc5 g4 10. Nd4 Ndxe5 11. Bb5 Bd7 12. Re1 Qf6 13. f4 gxf3ep 14.
N2xf3 Bxc5 15. Bxc6 Nxc6 16. Be3 Ne5 17. Kh1 Bd6 18. Bg5 Qg6 19. Nxe5 Qxg5
20. Ndf3 Qf4 21. c4 Bc6 22. Nxc6 bxc6 23. cxd5 cxd5 24. Qxd5 O-O 25. Qh5
Rac8 26. Qxa5 Rc2 27. Qh5 Rxb2 28. Rad1 Bb4 29. Re5 h6 30. g3 Qf6 31. Re4
Qf5 32. Rg4+ 1-0

[Event "United States Championship 2003"]
[Site "SEATTLE USA"]
[Date "2003.01.14"]
[Round "4"]
[White "Lein,A"]
[Black "Pruess,D"]
[Result "1-0"]
[WhiteTitle "GM"]
[WhiteElo "2402"]
[WhiteCountry "USA"]
[WhiteTime "00:04:14"]
[BlackElo "2346"]
[BlackCountry "USA"]
[BlackTime "00:02:50"]

1. Nf3 Nf6 2. g3 d5 3. Bg2 c6 4. O-O Bg4 5. d3 Nbd7 6. Nbd2 e5 7. e4 Bd6 8.
h3 Bh5 9. Qe1 O-O 10. Nh4 Re8 11. Nf5 Bc7 12. Nb3 Nf8 13. Be3 Ne6 14. c3 Bb6
15. Bxb6 axb6 16. Qe3 dxe4 17. dxe4 Qc7 18. f3 Red8 19. Rfe1 Nd7 20. Bf1 f6
21. Kf2 Bf7 22. Nd2 Ndc5 23. Be2 Rd7 24. Nf1 Nf8 25. b3 Be6 26. Kg2 Ng6 27.
Kh2 Kh8 28. c4 Bxf5 29. exf5 Ne7 30. g4 Rad8 31. Red1 Rxd1 32. Rxd1 Rxd1 33.
Bxd1 Nd3 34. Ng3 Nf4 35. Qd2 c5 36. Ne4 Nc6 37. Qd6 Qxd6 38. Nxd6 Nd4 39.
Kg1 Nd3 40. Kf1 Nc1 41. Ke1 Nxa2 42. Kd2 h5 43. Nxb7 Kh7 44. Nd6 Kh6 45.
Nf7+ Kh7 46. Nd6 h4 47. Nc8 b5 48. Nd6 bxc4 49. bxc4 Nb4 50. Ne4 Na6 51. Ke3
Kg8 52. Ba4 Kf7 53. Bb5 Nc7 54. Ba4 Na6 55. f4 exf4+ 56. Kxf4 g5+ 57.
fxg6ep+ Kxg6 58. Bd7 Ne2+ 59. Kf3 Nd4+ 60. Ke3 f5 61. gxf5+ Nxf5+ 62. Kf4
Ng3 63. Nd2 Nh5+ 64. Ke5 Nb4 65. Bf5+ Kh6 66. Be4 Ng3 67. Nb3 Nxe4 68. Kxe4
Na6 69. Kd5 Kg5 70. Nxc5 Nxc5 71. Kxc5 Kf4 72. Kd4 Kg3 73. c5 Kxh3 74. c6
Kg2 75. c7 h3 76. c8=Q h2 77. Qc2+ Kg3 78. Qe4 1-0

[Event "United States Championship 2003"]
[Site "SEATTLE USA"]
[Date "2003.01.14"]
[Round "4"]
[White "Hahn,A"]
[Black "Kriventsov,S"]
[Result "0-1"]
[WhiteTitle "WIM"]
[WhiteElo "2219"]
[WhiteCountry "USA"]
[BlackTitle "IM"]
[BlackElo "2438"]
[BlackCountry "USA"]

1. d4 Nf6 2. c4 g6 3. Nc3 d5 4. cxd5 Nxd5 5. e4 Nxc3 6. bxc3 Bg7 7. Nf3 c5
8. Rb1 O-O 9. Be2 b6 10. O-O Bb7 11. d5 Bxc3 12. Bc4 Nd7 13. Bf4 Bg7 14. e5
e6 15. dxe6 fxe6 16. Bxe6+ Kh8 17. Qxd7 Qxd7 18. Bxd7 Rxf4 19. e6 Bxf3 20.
gxf3 Bf6 21. Rfe1 Be7 22. Rbd1 Rd8 23. Kg2 Kg7 24. Re4 g5 25. Rd3 Kf6 26.
Kg3 Rxe4 27. fxe4 Ke5 28. f3 Rf8 29. Rd5+ Kf6 30. Rf5+ Kg6 31. Rd5 a6 32. a4
Rb8 33. h4 gxh4+ 34. Kg4 b5 35. f4 h5+ 36. Rxh5 b4 37. e5 b3 38. Bc6 Rb4 39.
Be8+ Kg7 40. Rg5+ Bxg5 41. Kxg5 b2 42. Bg6 b1=Q 0-1

[Event "United States Championship 2003"]
[Site "SEATTLE USA"]
[Date "2003.01.13"]
[Round "5"]
[White "Fishbein,A"]
[Black "De Firmian,N"]
[Result "1-0"]
[WhiteTitle "GM"]
[WhiteElo "2489"]
[WhiteCountry "USA"]
[BlackTitle "GM"]
[BlackElo "2537"]
[BlackCountry "USA"]

1. e4 c5 2. Nf3 d6 3. d4 cxd4 4. Nxd4 Nf6 5. Nc3 a6 6. Be2 e6 7. a4 Be7 8.
Be3 O-O 9. a5 Nc6 10. Nb3 Nd7 11. O-O b5 12. axb6ep Nxb6 13. Qd2 Bb7 14.
Rfd1 Qc7 15. Na4 Nd7 16. c4 Rfd8 17. Qe1 Nce5 18. f3 Rab8 19. Na5 Nc6 20.
Nxc6 Bxc6 21. b4 Bf6 22. Nc3 Bb7 23. Rdc1 Be5 24. Nd5 exd5 25. cxd5 Nc5 26.
Ra2 Rdc8 27. bxc5 dxc5 28. g3 Qb6 29. Rb1 Qa7 30. Kg2 Bd4 31. Bf4 Ra8 32.
Qa5 Re8 33. Bc4 Bc8 34. Qc7 h6 35. Qxa7 Rxa7 36. Ra5 Rb7 37. Rxb7 Bxb7 38.
Bc7 Rc8 39. d6 Bc3 40. d7 1-0

[Event "United States Championship 2003"]
[Site "SEATTLE USA"]
[Date "2003.01.13"]
[Round "5"]
[White "Baginskaite,K"]
[Black "Shahade,G"]
[Result "1/2-1/2"]
[WhiteTitle "WGM"]
[WhiteElo "2360"]
[WhiteCountry "USA"]
[BlackTitle "IM"]
[BlackElo "2452"]
[BlackCountry "USA"]

1. d4 Nf6 2. c4 g6 3. g3 c5 4. d5 e6 5. Nc3 exd5 6. cxd5 d6 7. Bg2 Bg7 8.
Nf3 O-O 9. O-O a6 10. a4 Nbd7 11. Nd2 Re8 12. h3 Rb8 13. a5 b5 14. axb6ep
Nxb6 15. Re1 Qe7 16. Nb3 Nc4 17. Ra4 Nb6 18. Ra2 Nc4 19. Ra4 Nb6 20. Ra2 Nc4
1/2-1/2

[Event "United States Championship 2003"]
[Site "SEATTLE USA"]
[Date "2003.01.13"]
[Round "5"]
[White "Enkhbat,T"]
[Black "Goldin,A"]
[Result "1/2-1/2"]
[WhiteTitle "FM"]
[WhiteElo "2408"]
[WhiteCountry "USA"]
[BlackTitle "GM"]
[BlackElo "2621"]
[BlackCountry "USA"]

1. d4 Nf6 2. Nf3 e6 3. c4 d5 4. g3 Bb4+ 5. Bd2 Be7 6. Bg2 c6 7. Qc2 O-O 8.
O-O b6 9. Bf4 Bb7 10. Rd1 Nbd7 11. Nc3 Rc8 12. e4 dxc4 13. Qa4 b5 14. Qxa7
Qb6 15. Qxb6 Nxb6 16. a3 Ra8 17. Rac1 Na4 18. Nxa4 Rxa4 19. Nd2 c5 20. e5
Nd5 21. dxc5 Bxc5 22. Ne4 Nxf4 23. gxf4 Bxe4 24. Bxe4 Rb8 25. Bc6 Bf8 26.
Kg2 Ra6 27. Be4 Ra7 28. Rc2 g6 29. Kf3 Rc8 30. Ke2 Bh6 31. Kf3 f5 32. exf6ep
Rf7 33. Rcd2 Rcf8 34. Rd8 Rxf6 35. Rxf8+ Rxf8 36. Bc6 Rxf4+ 37. Ke2 Rf5 38.
Rd8+ Kg7 39. Rb8 Rc5 40. Bxb5 c3 41. bxc3 Rxc3 1/2-1/2

[Event "United States Championship 2003"]
[Site "SEATTLE USA"]
[Date "2003.01.13"]
[Round "5"]
[White "Bennett,A"]
[Black "Epstein,E"]
[Result "1/2-1/2"]
[WhiteTitle "FM"]
[WhiteElo "2306"]
[WhiteCountry "USA"]
[BlackTitle "WIM"]
[BlackElo "2200"]
[BlackCountry "USA"]

1. e4 c5 2. Nc3 e6 3. Nf3 a6 4. d4 cxd4 5. Nxd4 Nc6 6. Be2 Qc7 7. O-O Nf6 8.
Kh1 Nxd4 9. Qxd4 Bc5 10. Qd3 O-O 11. f4 d6 12. Bd2 Rd8 13. Qg3 d5 14. e5 Ne4
15. Nxe4 dxe4 16. Rfd1 b5 17. Qc3 Bb7 18. b4 Bb6 19. Qxc7 Bxc7 20. Be3 Rxd1+
21. Rxd1 Rd8 22. Rxd8+ Bxd8 23. c4 Bc6 24. Kg1 f5 25. exf6ep gxf6 26. Kf2
Bc7 27. g3 Kf7 28. cxb5 Bxb5 29. Bh5+ Ke7 30. Bc5+ Kd7 31. Ke3 f5 32. Kd4
e5+ 33. fxe5 Ke6 34. Ke3 Bxe5 35. Bd4 Bd6 36. Bc5 Be5 37. Bd4 Bd6 38. Bc5
Be5 1/2-1/2

[Event "United States Championship 2003"]
[Site "SEATTLE USA"]
[Date "2003.01.13"]
[Round "5"]
[White "Sagalchik,O"]
[Black "Hahn,A"]
[Result "0-1"]
[WhiteTitle "WIM"]
[WhiteElo "2116"]
[WhiteCountry "USA"]
[WhiteTime "00:07:47"]
[BlackTitle "WIM"]
[BlackElo "2219"]
[BlackCountry "USA"]
[BlackTime "00:15:45"]

1. d4 d5 2. Nc3 Nf6 3. Bg5 c5 4. e3 e6 5. f3 Be7 6. Nge2 Nc6 7. Qd2 a6 8.
dxc5 Bxc5 9. Nd4 Bd7 10. Be2 Rc8 11. O-O O-O 12. Kh1 Be7 13. Nb3 h6 14. Bh4
Ne5 15. Rad1 Nc4 16. Qc1 Qc7 17. e4 Rfe8 18. Bxc4 dxc4 19. Nd4 b5 20. a3
Rcd8 21. g4 Qb6 22. Nce2 Bc8 23. c3 Bb7 24. Qe3 Nxg4 25. Qf4 Bxh4 26. Qxg4
Bf6 27. Rg1 Qc5 28. h4 Kh8 29. Nf4 Rg8 30. Ndxe6 fxe6 31. Nxe6 Qc8 32. Nxd8
Rxd8 33. Qxc8 Bxc8 34. h5 Kg8 35. Kg2 Kf7 36. Kg3 Bb7 37. Rxd8 Bxd8 38. Kf4
Bf6 39. Rg6 a5 40. e5 Bg5+ 41. Kg3 Bd8 42. Rd6 Ke8 43. a4 Bc7 44. Rd1 bxa4
45. Kf4 Bd8 46. Ke3 Bb6+ 47. Ke2 Bc5 48. e6 Bc6 49. f4 Ke7 50. f5 Kf6 51.
Rd8 a3 52. bxa3 Bxa3 53. Rc8 Bd5 54. Rc7 Kxf5 55. Rxg7 Bxe6 56. Ra7 Ke4 57.
Ra6 Bg4+ 58. Kd2 Be7 59. Rxa5 Bg5+ 60. Kc2 Bxh5 61. Rc5 Bf7 62. Rc7 Be6 63.
Rg7 Ke3 64. Kb2 Bf5 65. Rc7 Bd3 66. Rc5 Kf4 67. Kc1 Kf3+ 68. Kd1 Be2+ 69.
Ke1 Bd3 70. Rd5 Bf4 71. Rc5 Ke3 72. Rc8 Bg3+ 73. Kd1 h5 74. Re8+ Kf2 75.
Rf8+ Kg2 0-1

[Event "United States Championship 2003"]
[Site "SEATTLE USA"]
[Date "2003.01.15"]
[Round "6"]
[White "Lapshun,Y"]
[Black "Pixton,A"]
[Result "1/2-1/2"]
[WhiteTitle "IM"]
[WhiteElo "2419"]
[WhiteCountry "USA"]
[BlackTitle "FM"]
[BlackElo "2449"]
[BlackCountry "USA"]

1. e4 c5 2. Nf3 d6 3. d4 cxd4 4. Nxd4 Nf6 5. Nc3 g6 6. Be2 Bg7 7. O-O O-O 8.
Re1 Nc6 9. Nb3 Be6 10. Bf1 Rc8 11. Nd5 a5 12. a4 Bxd5 13. exd5 Nb4 14. c4
Nd7 15. Nd4 Bxd4 16. Qxd4 Nc2 17. Qc3 Nxe1 18. Bh6 Nf3+ 19. gxf3 Nf6 20. Bh3
Rc5 21. Re1 Re8 22. f4 e5 23. dxe6ep fxe6 24. Rxe6 Kf7 25. Qe3 Rh5 26. Bg5
Rxh3 27. Rxe8 Qxe8 28. Qxh3 Qxa4 29. Qd3 Qa1+ 30. Kg2 Qxb2 31. Bxf6 Qxf6 32.
Qd5+ Kg7 33. Qxb7+ Qf7 34. Qb2+ Kh6 35. Qd2 Qxc4 36. Qxd6 Qe4+ 37. Kg3 Qf5
38. Qd4 Kh5 39. h3 Kh6 40. Kg2 Kh5 41. Kg3 Kh6 42. Kg2 Qb5 43. Qf6 Qc5 44.
Kg3 a4 45. f5 a3 46. fxg6 hxg6 47. f4 Qe3+ 48. Kg4 Qe8 49. Qg5+ Kh7 50. Qd5
Qc8+ 51. Kg3 Qc3+ 52. Kg4 Qc8+ 53. Kg3 Qc3+ 54. Kg4 Qf6 55. Kg3 Qg7 56. Kf3
Qf6 57. Kg3 Kg7 58. Qc4 Qb2 59. Qe6 Qc3+ 60. Kg4 Qf6 61. Qc4 Kh6 62. Qg8 Qb2
63. Qf8+ Kh7 64. Qe7+ Kg8 65. Kg5 Qb5+ 66. Kxg6 Qc6+ 67. Kh5 Qd5+ 68. Kh6
Qc6+ 69. Kh5 Qd5+ 70. Kh6 Qc6+ 1/2-1/2

[Event "United States Championship 2003"]
[Site "SEATTLE USA"]
[Date "2003.01.15"]
[Round "6"]
[White "Shahade,G"]
[Black "Kriventsov,S"]
[Result "1-0"]
[WhiteTitle "IM"]
[WhiteElo "2452"]
[WhiteCountry "USA"]
[BlackTitle "IM"]
[BlackElo "2438"]
[BlackCountry "USA"]

1. e4 c5 2. Nf3 e6 3. d4 cxd4 4. Nxd4 a6 5. Nc3 b5 6. Bd3 Qb6 7. Nb3 Qc7 8.
f4 b4 9. Ne2 Bb7 10. Ned4 Nf6 11. Qe2 Be7 12. O-O Nc6 13. Kh1 O-O 14. Nxc6
dxc6 15. e5 Nd7 16. Be4 g6 17. Qf3 Rac8 18. Be3 a5 19. Rfd1 a4 20. Na5 Nxe5
21. fxe5 Qxa5 22. Rd7 Rc7 23. Rxe7 f5 24. exf6ep 1-0

[Event "United States Championship 2003"]
[Site "SEATTLE USA"]
[Date "2003.01.16"]
[Round "7"]
[White "Markzon,G"]
[Black "Groberman,E"]
[Result "1-0"]
[WhiteTitle "FM"]
[WhiteElo "2326"]
[WhiteCountry "USA"]
[BlackTitle "WIM"]
[BlackElo "2117"]
[BlackCountry "USA"]

1. e4 e5 2. Nf3 Nc6 3. Bb5 a6 4. Ba4 Nf6 5. O-O Be7 6. Re1 b5 7. Bb3 O-O 8.
d3 d6 9. c3 Na5 10. Bc2 c5 11. Nbd2 Re8 12. Nf1 h6 13. Ng3 Bf8 14. d4 Qc7
15. d5 c4 16. h3 Nb7 17. Nh2 Nc5 18. Re3 a5 19. Ng4 Nh7 20. Nh5 Kh8 21. Rg3
Qe7 22. Qf3 Ra7 23. b4 cxb3ep 24. axb3 Qh4 25. Nxh6 gxh6 26. Rxa5 Rxa5 27.
Qxf7 Qxg3 28. Nxg3 Re7 29. Qh5 Ra2 30. Bxh6 Bxh6 31. Qxh6 Nb7 32. Bd3 Rf7
33. f3 Rg7 34. Kh2 Bd7 35. b4 Kg8 36. h4 Rf7 37. Nh5 Ra3 38. Qd2 Be8 39. Qb2
Ra8 40. Ng3 Rf4 41. Nf5 Bd7 42. g3 Rxf3 43. Qe2 Rxf5 44. exf5 Nf6 45. g4 Kf8
46. Bxb5 Bxb5 47. Qxb5 Nd8 48. Qc4 Ra1 49. g5 Nh5 50. Qc7 Ra2+ 51. Kg1 Ra1+
52. Kf2 Nf7 53. g6 Nh6 54. Qd8+ Kg7 55. Qe7+ 1-0

[Event "United States Championship 2003"]
[Site "SEATTLE USA"]
[Date "2003.01.17"]
[Round "8"]
[White "Christiansen,L"]
[Black "Muhammad,S"]
[Result "1-0"]
[WhiteTitle "GM"]
[WhiteElo "2566"]
[WhiteCountry "USA"]
[BlackTitle "FM"]
[BlackElo "2368"]
[BlackCountry "USA"]

1. e4 e5 2. Nf3 Nc6 3. Bb5 a6 4. Ba4 Nf6 5. O-O b5 6. Bb3 Bb7 7. c3 Be7 8.
d4 d6 9. Re1 O-O 10. Nbd2 Nd7 11. Nf1 Na5 12. Bc2 c5 13. dxc5 dxc5 14. Ne3
Qc7 15. Qe2 Nb6 16. b3 Rfe8 17. c4 bxc4 18. bxc4 Bf8 19. Bd2 Nc6 20. Nd5
Nxd5 21. cxd5 Nd4 22. Nxd4 exd4 23. Bb3 Bd6 24. g3 a5 25. Bc4 f5 26. e5 Qf7
27. e6 Qe7 28. Rab1 a4 29. Rb6 Ra7 30. Rxd6 Qxd6 31. Bf4 Qb6 32. d6 Qc6 33.
f3 1-0

[Event "United States Championship 2003"]
[Site "SEATTLE USA"]
[Date "2003.01.17"]
[Round "8"]
[White "Shahade,G"]
[Black "Ivanov,A"]
[Result "0-1"]
[WhiteTitle "IM"]
[WhiteElo "2452"]
[WhiteCountry "USA"]
[BlackTitle "GM"]
[BlackElo "2520"]
[BlackCountry "USA"]

1. e4 c6 2. d4 d5 3. Nc3 dxe4 4. Nxe4 Bf5 5. Ng3 Bg6 6. h4 h6 7. Nf3 e6 8.
Ne5 Bh7 9. Bc4 Nd7 10. Qe2 Nxe5 11. dxe5 Ne7 12. O-O Nd5 13. h5 Qh4 14. Bd3
Bxd3 15. Qxd3 O-O-O 16. Qf3 f5 17. exf6ep Nxf6 18. Bf4 Bc5 19. Ne4 Nxe4 20.
Qxe4 Rhe8 21. Qf3 Rd5 22. g3 Qxh5 23. Qxh5 Rxh5 24. Rfe1 Bd4 25. c3 Bb6 26.
Re2 Rd5 27. Rae1 Kd7 28. Kg2 h5 29. Be3 Bxe3 30. Rxe3 Rd2 31. R3e2 Rxe2 32.
Rxe2 Ke7 33. g4 g6 34. gxh5 gxh5 35. Re5 Rg8+ 36. Kh3 Rf8 37. Kg2 Rh8 38. f4
Rd8 39. f5 Kf6 40. Rxe6+ Kxf5 41. Re2 Rd3 42. Rf2+ Kg4 43. Re2 Kf4 44. Rf2+
Ke3 45. Rf3+ Ke4 46. Rf2 h4 47. Re2+ Re3 48. Rd2 c5 49. a3 b6 0-1